La familia en Colombia (Record no. 176969)

MARC details
000 -LEADER
campo de control de longitud fija 00994nam a22002295i 4500
001 - NÚMERO DE CONTROL
campo de control 176969
003 - IDENTIFICADOR DE NÚMERO DE CONTROL
campo de control ES-MaACL
005 - FECHA Y HORA DE LA ÚLTIMA TRANSACCIÓN
campo de control 20230906220225.0
008 - DATOS DE LONGITUD FIJA--INFORMACIÓN GENERAL
campo de control de longitud fija 110222s1962 sz |||| | spa d
080 ## - NÚMERO DE LA CLASIFICACIÓN DECIMAL UNIVERSAL
Número de la Clasificación Decimal Universal 392.3(861)
100 1# - ENTRADA PRINCIPAL--NOMBRE DE PERSONA
Nombre de persona Gutiérrez de Pineda, Virginia.
9 (RLIN) 145311
245 13 - MENCIÓN DEL TÍTULO
Título La familia en Colombia
Resto del título : estudio antropológico /
Mención de responsabilidad, etc. por Virginia Gutiérrez de Pineda.
260 ## - PUBLICACIÓN, DISTRIBUCIÓN, ETC.
Lugar de publicación, distribución, etc. Friburgo :
Nombre del editor, distribuidor, etc. Oficina Internacional de Investigaciones Sociales de Feres ;
Lugar de publicación, distribución, etc. Bogotá :
Nombre del editor, distribuidor, etc. Centro de Investigaciones Sociales, Departamento Socio-económico,
Fecha de publicación, distribución, etc. 1962.
300 ## - DESCRIPCIÓN FÍSICA
Extensión 86 p. :
Otras características físicas gráf. ;
Dimensiones 22 cm.
490 1# - MENCIÓN DE SERIE
Mención de serie Estudios sociológicos latino-americanos ;
Designación de volumen o secuencia 15
650 #4 - PUNTO DE ACCESO ADICIONAL DE MATERIA--TÉRMINO DE MATERIA
Término de materia o nombre geográfico como elemento de entrada Familias-
Subdivisión geográfica Colombia.
9 (RLIN) 172478
710 2# - ENTRADA AGREGADA--NOMBRE DE ENTIDAD CORPORATIVA
Nombre de entidad corporativa o nombre de jurisdicción como elemento de entrada Oficina Internacional de Investigaciones Sociales.
9 (RLIN) 172476
710 2# - ENTRADA AGREGADA--NOMBRE DE ENTIDAD CORPORATIVA
Nombre de entidad corporativa o nombre de jurisdicción como elemento de entrada Centro de Investigaciones Sociales (Bogotá)
9 (RLIN) 172480
830 1# - PUNTO DE ACCESO ADICIONAL DE SERIE-TÍTULO UNIFORME
Título uniforme Estudios sociológicos latino-americanos ;
Designación de volumen o secuencia 15
9 (RLIN) 190305
852 ## - LOCALIZACIÓN
Ubicación ES-MaACL
Número de control de estantería E-14392
Encuadernación Olim P-972-bis
Holdings
Estatus retirado Estado de pérdida Estado de daño No para préstamo Biblioteca de origen Biblioteca actual Ubicación en estantería Fecha de adquisición Fuente de adquisición Total de préstamos Signatura topográfica completa Código de barras Visto por última vez Precio de reemplazo Tipo de ítem Koha
        Biblioteca del Ateneo de Madrid Biblioteca del Ateneo de Madrid Depósito 2 22/02/2011     E-14392 1185870 23/02/2023 23/02/2023 Libro impreso